000 01378nam a2200313 i 4500
001 bg
245 0 0 _aKonsument na rynku - postawy wobec produktów :
_bpraca zbiorowa /
_cpod red. Zofii Kędzior ; [aut. Magdalenia Jaciow et al.] ; Akademia Ekonomiczna im. Karola Adamieckiego w Katowicach. Centrum Badań i Ekspertyz. Katedra Badań Rynkowych.
260 _aKatowice :
_bAE,
_c2003.
300 _a125 s. :
_bil. ;
_c24 cm.
500 _aWstęp także ang.
504 _aBibliogr.
650 9 _aArtykuły konsumpcyjne
_xsocjologia
_zPolska
_yod 1989 r.
650 9 _aFirma (nazwa)
_xsocjologia
_zPolska
_yod 1989 r.
650 9 _aKonsumenci (ekon.)
_xsocjologia
_zPolska
_yod 1989 r.
650 9 _aZnaki towarowe
_xsocjologia
_zPolska
_yod 1989 r.
651 9 _aŚląskie, województwo (od 1999)
_xsocjologia
700 1 _aKĘDZIOR, Zofia.
_eRed.
700 1 _aJACIOW, Magdalena
710 0 _aAkademia Ekonomiczna im. Karola Adamieckiego (Katowice)
_bCentrum Badań i Ekspertyz
710 0 _aAkademia Ekonomiczna im. Karola Adamieckiego (Katowice)
_bKatedra Badań Rynkowych i Marketingowych
020 _a8389072068
040 _cBPK
041 0 _apol
080 _a366:316.6:339.138](438)"1989/..."
920 _a83-89072-06-8
942 _cKS
008 s pl f |000 0 pol
999 _c45707
_d45707
856 _uhttp://koha.tu.koszalin.pl/cgi-bin/koha/opac-detail.pl?biblionumber=45707
_yKatalog online BPK